000 00470nam a22001697a 4500
003 OSt
005 20260514072106.0
008 260416b |||||||| |||| 00| 0 eng d
020 _a978-1-59448-307-3
040 _aDWCL-Main Lib
_cOC
082 _aFic. H829 2007
100 _aHosseini, Khaled
245 _aA Thousand splendid suns /
_c Khaled Hosseini
260 _aNew York :
_bATSS Publications,
_cc2007.
300 _a448 p. ;
_c17 cm.
942 _2ddc
_cFIC.
_mFic.
_n0
999 _c9490
_d9490